000 00533nmm a2200193Ia 4500
008 251105s9999||||xx |||||||||||||||||und||
020 _a9788475225357
041 _aspa
100 _aRamos Rosa, Antonio
245 0 _aEl aprendiz secreto
264 _a[Madrid, España] :
_bVisor Libros,
_c2003
300 _a144 páginas
490 _aVisor de Poesía
650 _aPortuguese poetry
700 _aRamos Rosa, Antonio
700 1 _a Janés, Clara
856 _uhttps://public.digitaliapublishing.com/a/76842
942 _cCF
999 _c70345
_d70345